| 000 | 00451nam a2200181Ia 4500 | ||
|---|---|---|---|
| 005 | 20250326130215.0 | ||
| 008 | 250326s9999 xx 000 0 und d | ||
| 037 | _aTextbook | ||
| 040 |
_aFMSL _beng _cFMSL |
||
| 041 |
_aeng _2eng |
||
| 084 | _qFMSL | ||
| 100 |
_aPackard V _9739322 |
||
| 245 | 0 |
_aHiddden persuaders _cPackard V |
|
| 260 |
_aLondon _bLondon, Penguin Book _c1971 |
||
| 300 | _a222p | ||
| 942 | _cTB | ||
| 999 |
_c1281451 _d1281451 |
||